Score 0/7 Timer 03:00
0 Plays Today
Question Answer Wrong Answers
Following a declaration regarding Israel’s capital, President Donald Trump orders the US Embassy in Israel to be relocated from ______ to Jerusalem.
2017
Tel Aviv
92.2%
Haifa
1.7%
Nazareth
3%
Rahat
1%
Continuing their transition to democracy following the death of Francisco Franco, this nation ratifies a new constitution in a referendum.
1978
Spain
84.3%
Italy
4.2%
Argentina
6.2%
Nicaragua
3.7%
This Amendment to the US Constitution, which abolishes slavery, becomes law of the land after Georgia becomes the 27th of the 36 states to ratify it.
1865
13th
81.2%
20th
9.9%
27th
5.1%
4th
3.6%
For the first time in 17 years, the United Socialist Party of ______ loses its majority in parliament, with the anti-Chavista Democratic Unity Roundtable gaining a supermajority.
2015
Venezuela
67.7%
Bolivia
16.3%
Ecuador
6.5%
Panama
7.5%
This American director and screenwriter, known for directing films like ‘The 40-Year-Old Virgin’, ‘Knocked Up’, and ‘Trainwreck’, is born.
1967
Judd Apatow
65.2%
Jonah Hill
7.4%
Bill Hader
6%
Steve Carell
20.1%
Finland declares their independence from this nation.
1917
Russia
64.7%
Sweden
15.8%
Norway
10.4%
Denmark
8.7%
The government of ______, acting on pressure from the United States, sends military forces to suppress a month-long strike by the United Fruit Company workers, resulting in an unknown number of deaths.
1928
Colombia
25.6%
Mexico
40.7%
Cuba
23.5%
Chile
9.2%
Remove Ads.
Support Sporcle.
Get the best of Sporcle when you Go Orange. This ad-free experience offers more features, more stats, and more fun while also helping to support Sporcle. Thank you for becoming a member.

You're not logged in!

Compare scores with friends on all Sporcle quizzes.
OR
Log In

Show Comments

Extras

Top Quizzes Today


Score Distribution

Your Account Isn't Verified!

In order to create a playlist on Sporcle, you need to verify the email address you used during registration. Go to your Sporcle Settings to finish the process.

Report this User

Report this user for behavior that violates our Community Guidelines.

Details: